000 00276nam a2200097Ia 4500
008 220204s9999 xx 000 0 und d
082 _a354(058)
_bDIR
245 0 _aDirectory central government officials 2000-01
260 _aNew Delhi
_bCentre of Publications
_c2000
942 _cBK
999 _c41772
_d41772